<?xml version="1.0" encoding="UTF-8"?>
<record
    xmlns:xsi="http://www.w3.org/2001/XMLSchema-instance"
    xsi:schemaLocation="http://www.loc.gov/MARC21/slim http://www.loc.gov/standards/marcxml/schema/MARC21slim.xsd"
    xmlns="http://www.loc.gov/MARC21/slim">

  <leader>01041nam a22001697a 4500</leader>
  <controlfield tag="003">OSt</controlfield>
  <controlfield tag="005">20240221094010.0</controlfield>
  <controlfield tag="008">240221s2000    ag ||||| |||| 00| 0 spa d</controlfield>
  <datafield tag="020" ind1=" " ind2=" ">
    <subfield code="a">950860087</subfield>
  </datafield>
  <datafield tag="040" ind1=" " ind2=" ">
    <subfield code="c">besoc</subfield>
  </datafield>
  <datafield tag="100" ind1=" " ind2=" ">
    <subfield code="a">Fingueret, Manuela</subfield>
    <subfield code="e">autor</subfield>
  </datafield>
  <datafield tag="245" ind1=" " ind2=" ">
    <subfield code="a">Barbarie y memoria.</subfield>
    <subfield code="b"> Fragmentos Literarios Del Holocausto y De La Dictadura Militar</subfield>
    <subfield code="c">Manuela Fingueret</subfield>
  </datafield>
  <datafield tag="260" ind1=" " ind2=" ">
    <subfield code="a">Buenos Aires:</subfield>
    <subfield code="b">Desde La Gente</subfield>
    <subfield code="c">2000</subfield>
  </datafield>
  <datafield tag="300" ind1=" " ind2=" ">
    <subfield code="a">127 p.</subfield>
  </datafield>
  <datafield tag="520" ind1=" " ind2=" ">
    <subfield code="a">La Barbarie-Epilogo-En una tarde de sol-Un mismo mundo-De Aushwitz a la liberaci&#xF3;n-El rey de los jud&#xED;os-Toso lo que hay que saber acerca de Adolph Eichman-Noche y Niebla-La linea blanca-Tu cuerpo en humo a trav&#xE9;s del aire-El cheque-Una temporada en el infierno-Sin titulo-Diario de Ana Frank-Amar a la Tora mas que a Dios-La noche-Nosotros, los sobrevivientes-El Girasol-Situaciones Limites-Cartas de Bergen a Belsen y los otros-Situaciones l&#xED;mite-El indice de la humanidad en lo humano-Himno de la juventud-Canto del hambre-Conclusi&#xF3;n-El genocidio-La mano.</subfield>
  </datafield>
  <datafield tag="942" ind1=" " ind2=" ">
    <subfield code="2">udc</subfield>
    <subfield code="c">LPD</subfield>
    <subfield code="n">0</subfield>
  </datafield>
  <datafield tag="999" ind1=" " ind2=" ">
    <subfield code="c">200</subfield>
    <subfield code="d">200</subfield>
  </datafield>
</record>
